[Event "Baltic Sea Cup"]
[Site "Bornholm"]
[Date "2008.08.06"]
[Round "10"]
[White "Hein, Jacob"]
[Black "Hansen, Thomas Nygren"]
[Result "0-1"]
[WhiteElo "1603"]
[BlackElo "1364"]
[PlyCount "70"]
[EventDate "2008.07.29"]
[EventType "swiss"]
[EventRounds "10"]
[EventCountry "DEN"]
[SourceTitle "CBM 125 Extra"]
[Source "ChessBase"]
[SourceDate "2008.09.01"]
[SourceVersion "1"]
[SourceVersionDate "2008.09.01"]
[SourceQuality "1"]

1. d4 d5 2. c4 c6 3. cxd5 cxd5 4. g3 Nf6 5. Nc3 Bf5 6. Bg2 e6 7. a3 Nbd7 8. Bf4 Rc8 9. Nb5 Qa5+ 10. Nc3 Be7 11. Bd2 Qa6 12. Nf3 h6 13. 0-0 0-0 14. Re1 Rfd8 15. Bf1 Ne4 16. e3 Nxc3 17. Bxc3 Qb6 18. Qd2 Qb3 19. Be2 Qc2 20. Rec1 Qxd2 21. Nxd2 Nb8 22. Kg2 Nc6 23. b4 a6 24. Nb3 b5 25. Nc5 Bxc5 26. bxc5 f6 27. Ra2 Rb8 28. Rb2 Kf7 29. h4 Re8 30. Rd1 Re7 31. Rdd2 Reb7 32. Bb4 a5 33. Bc3 b4 34. Ba6 bxc3 35. Bxb7 cxd2 0-1

[Event "Baltic Sea Cup"]
[Site "Bornholm"]
[Date "2008.07.30"]
[Round "3"]
[White "Zachariassen, John"]
[Black "Hansen, Thomas Nygren"]
[Result "1-0"]
[WhiteElo "1949"]
[BlackElo "1364"]
[PlyCount "24"]
[EventDate "2008.07.29"]
[EventType "swiss"]
[EventRounds "10"]
[EventCountry "DEN"]
[SourceTitle "CBM 125 Extra"]
[Source "ChessBase"]
[SourceDate "2008.09.01"]
[SourceVersion "1"]
[SourceVersionDate "2008.09.01"]
[SourceQuality "1"]

1. c4 c6 2. g3 Nf6 3. Bg2 d5 4. cxd5 cxd5 5. Nf3 Bf5 6. 0-0 Nc6 7. d3 e6 8. Qa4 Qb6 9. Nbd2 Bd6 10. e4 Bg6 11. e5 Ng4 12. exd6 Bxd3 1-0